00966nam a22002657a 45000010005000000030006000050050017000110080041000280200018000690400029000870500016001160820010001321000024001422450101001662500045002672600038003123000048003505050008003985200149004065210021005555210020005766500035005966500034006317000035006657548FISKH20250807131945.0250723b cb ||||| |||| 00| 0 eng d a9780439810654 aFISKHbengcFISKHdFISKH aE302.F8 G46 a973.3 aGiblin, James Cross aThe amzing life of Benjamin Franklin / cby James Cross Giblin : illustrated by Michael Dooling  aFirst Scholastic printing, Januarty 2006 aNew York : bScholastic , c2000. a48 pges : bcolor illustrations ; c26 cm.  aW  aA biography of the eighteenth-century printer, inventor, and statesman who played an influential role in the early history of the United States.8 a881 bLexile 8 aW bRaz-Plus  aRevolutionary WarvNon-fiction aFounding FathersvNon-fiction aDooling, MichaeleIllustrator